000 00397nam a22001451a 4500
082 _a398.209 548 2
_bVAN/I
100 _aVanamamalai N
245 _aInterpretation of Tamil folk creations/
_cby Vanamamalai N
260 _aTrivandrum:
_bDravidian Linguistics Association,
_c1981.
300 _a324p.
650 _aFolklore
650 _aFolk Literature
650 _aSocial Sciences
942 _cBK
999 _c20532
_d20532